|
|
|
|
| LEADER |
03058nam a2200805 ia4500 |
| 001 |
nkc20183047405 |
| 003 |
CZ PrNK |
| 005 |
20201105144300.0 |
| 007 |
ta |
| 008 |
181024m20119999xr abche 000 0dcze |
| 015 |
|
|
|a cnb003047405
|z cnb002394049
|z cnb002766728
|
| 020 |
|
|
|a 978-80-87129-23-4
|q ([I] ;
|q vázáno)
|
| 020 |
|
|
|a 978-80-87129-29-6
|q (II ;
|q vázáno)
|
| 020 |
|
|
|a 978-80-87129-42-5
|q (IV ;
|q vázáno)
|
| 035 |
|
|
|a (OCoLC)1085397070
|
| 035 |
|
|
|a (OCoLC)944218664
|
| 035 |
|
|
|a (OCoLC)949211565
|
| 040 |
|
|
|a ABA001
|b cze
|e rda
|
| 045 |
|
|
|a y-y-
|
| 072 |
|
7 |
|a 27
|x Křesťanství. Křesťanská církev všeobecně. Eklesiologie
|2 Konspekt
|9 5
|
| 080 |
|
|
|a 2-534.6
|2 MRF
|
| 080 |
|
|
|a 27-587.5
|2 MRF
|
| 080 |
|
|
|a 27-175.2
|2 MRF
|
| 080 |
|
|
|a 27-175.75
|2 MRF
|
| 080 |
|
|
|a 27-167.64-175
|2 MRF
|
| 080 |
|
|
|a 27-175.7
|2 MRF
|
| 080 |
|
|
|a 27-423
|2 MRF
|
| 080 |
|
|
|a 94(100)
|2 MRF
|
| 080 |
|
|
|a 27-72
|2 MRF
|
| 080 |
|
|
|a 27-285.4
|2 MRF
|
| 080 |
|
|
|a (049)
|2 MRF
|
| 100 |
1 |
|
|a Mráček, František,
|d 1934-
|7 skuk0004213
|4 aut
|
| 245 |
1 |
0 |
|a Těžká léta před šťastnou dobou /
|c František Mráček
|
| 250 |
|
|
|a 1. vydání
|
| 264 |
|
1 |
|a Praha :
|b Vérité,
|c 2011-
|
| 300 |
|
|
|a ^^^svazků :
|b ilustrace (některé barevné), mapy, portréty, faksimile ;
|c 22 cm
|
| 336 |
|
|
|a text
|b txt
|2 rdacontent
|
| 337 |
|
|
|a bez média
|b n
|2 rdamedia
|
| 338 |
|
|
|a svazek
|b nc
|2 rdacarrier
|
| 500 |
|
|
|a Obálkový podnázev: unikátní proroctví a vize pro současnou dobu
|
| 504 |
|
|
|a Obsahuje bibliografie
|
| 505 |
1 |
|
|a [I]. 2011. 181 stran -- II. 2013. 128 stran -- IV. 2017. 140 stran
|
| 648 |
|
7 |
|a 21. století
|7 ch460559
|2 czenas
|
| 650 |
0 |
7 |
|a proroctví
|7 ph124650
|x dějiny
|2 czenas
|
| 650 |
0 |
7 |
|a náboženská zjevení
|7 ph115477
|x dějiny
|2 czenas
|
| 650 |
0 |
7 |
|a apokalyptika
|7 ph138428
|x dějiny
|2 czenas
|
| 650 |
0 |
7 |
|a chiliasmus
|7 ph119166
|2 czenas
|
| 650 |
0 |
7 |
|a Antikrist
|7 ph138469
|2 czenas
|
| 650 |
0 |
7 |
|a parúzie
|7 ph135521
|2 czenas
|
| 650 |
0 |
7 |
|a dobro a zlo
|7 ph114334
|2 czenas
|
| 650 |
0 |
7 |
|a světové dějiny
|7 ph117271
|x křesťanské pojetí
|2 czenas
|
| 650 |
0 |
7 |
|a církev
|7 ph114280
|y 21. století
|2 czenas
|
| 650 |
0 |
7 |
|a křesťanské polemiky
|7 ph138482
|y 21. století
|2 czenas
|
| 650 |
0 |
9 |
|a prophecies
|x history
|2 eczenas
|
| 650 |
0 |
9 |
|a apparitions
|x history
|2 eczenas
|
| 650 |
0 |
9 |
|a apocalyptic thought
|x history
|2 eczenas
|
| 650 |
0 |
9 |
|a millennialism
|2 eczenas
|
| 650 |
0 |
9 |
|a Antichrist
|2 eczenas
|
| 650 |
0 |
9 |
|a parousia
|2 eczenas
|
| 650 |
0 |
9 |
|a good and evil
|2 eczenas
|
| 650 |
0 |
9 |
|a world history
|x Christian approach
|2 eczenas
|
| 650 |
0 |
9 |
|a church
|y 21st century
|2 eczenas
|
| 650 |
0 |
9 |
|a Christian polemics
|y 21st century
|2 eczenas
|
| 655 |
|
7 |
|a pojednání
|7 fd133056
|2 czenas
|
| 655 |
|
9 |
|a essays
|2 eczenas
|
| 856 |
4 |
1 |
|u http://www.digitalniknihovna.cz/mzk/uuid/uuid:911d6420-0acf-11e7-8f44-005056827e52
|y Digitalizovaný dokument
|x NDK
|
| 910 |
2 |
|
|a BOA001
|b 2-1380.357
|s 2-
|
| 990 |
|
|
|a BK
|
| 995 |
|
|
|a 01
|
| 996 |
6 |
|
|b 2610692323
|c 2-1380.357
|d 2
|v 2
|l MZK
|r Sklad / do 1 hodiny
|n 0
|p p.v.
|w 001594273
|u 000010
|a 1
|e BOA001
|j MZK50
|s P
|